Dinámica hídrica en sistemas neotropicales (Registro nro. 5525)

Detalles MARC
000 -CABECERA
Campo de control 00636nam a2200193 a 4500
005 - FECHA Y HORA DE LA ULTIMA TRANSACCION
Campo de control 20160223105805.0
008 - ELEMENTOS DE LONGITUD FIJA—INFORMACION GENERAL
Campo de control 160223b2005 xxua gra 00| 0 spa d
020 ## - ISBN
ISBN 9801108746
040 ## - FUENTE DE CATALOGACIÓN
Agencia catalogadora original CO-BoIAVH
Agencia transcriptora CO-BoIAVH
041 ## - IDIOMA
Código de idioma para texto/pista de sonido o título separado Español
082 04 - NUMERO DE CLASIFICACION DECIMAL DEWEY
Número de clasificación 363.61
Número del ítem D58d
245 1# - MENCION DE TITULO
Título Dinámica hídrica en sistemas neotropicales
Parte restante del título investigaciones en dinámica hídrica de la red ricas
260 ## - PUBLICACION, DISTRIBUCION, ETC. (PIE DE IMPRENTA)
Lugar de publicación, distribución, etc. Merida
Nombre del editor, distribuidor, etc. ICAE
-- Universidad de Los Andes, Merida. Venezuela
Fecha de publicación, distribución, etc. 2005
300 ## - DESCRIPCION FISICA
Extensión 48 paginas.
Otros detalles físicos ilustraciones. ;
Dimensiones 26 x 19 cm
700 ## - ASIENTO SECUNDARIO - NOMBRE PERSONAL
Nombre personal Ataroff, Michele
9 (RLIN) 62259
700 ## - ASIENTO SECUNDARIO - NOMBRE PERSONAL
Nombre personal Silva, Juan F.
9 (RLIN) 62260
942 ## - ELEMENTOS ADICIONALES (KOHA)
Tipo de ítem Libro
Sistema de clasificación Dewey Decimal Classification
945 ## - PROCESAMIENTO LOCAL
AAAA-MM-DD - Fecha de ingreso o modificacion 2007-05-17
Existencias
Withdrawn status Lost status Sistema de Clasificación Damaged status No para préstamo Colección Inventariado Ubicación Permanente Ubicación actual Fecha de adquisición Fuente de Valor Valor Total Checkouts Número topográfico Inventario / Código de Barras Date last seen Ejemplar Price effective from Forma de adquisición Tipo de material
    Dewey Decimal Classification     General Inventariado 2017 Bogotá Bogotá 17/05/2007 Instituto 25000.00   LB-363.61 D58d 024325 04/12/2012 Ej.1 04/12/2012   Libro